[Event "Kowalewo Pomorskie op-A 17th"]
[Site "Kowalewo Pomorskie"]
[Date "2010.07.09"]
[Round "8"]
[White "Renkowski, Piotr"]
[Black "Tarkowski, Michal"]
[Result "1-0"]
[WhiteElo "1931"]
[BlackElo "2067"]
[PlyCount "39"]
[EventDate "2010.07.04"]
[EventType "swiss"]
[EventRounds "8"]
[EventCountry "POL"]
[SourceTitle "CBM 137 Extra"]
[Source "ChessBase"]
[SourceDate "2010.09.01"]
[SourceVersion "1"]
[SourceVersionDate "2010.09.01"]
[SourceQuality "1"]

1. e4 c5 2. Nf3 d6 3. c3 Nf6 4. Be2 Nc6 5. d4 cxd4 6. cxd4 Nxe4 7. d5 Qa5+ 8. Nc3 Nxc3 9. bxc3 Ne5 10. Nxe5 Qxc3+ 11. Bd2 Qxe5 12. 0-0 a6 13. Rb1 e6 14. Bf3 Be7 15. dxe6 0-0 16. Re1 Qf6 17. exf7+ Kh8 18. Bd5 Rb8 19. Rc1 b5 20. Bc3 1-0

[Event "Kowalewo Pomorskie op-A 17th"]
[Site "Kowalewo Pomorskie"]
[Date "2010.07.08"]
[Round "6"]
[White "Garbowska, Hanna"]
[Black "Tarkowski, Michal"]
[Result "1/2-1/2"]
[WhiteElo "2026"]
[BlackElo "2067"]
[PlyCount "31"]
[EventDate "2010.07.04"]
[EventType "swiss"]
[EventRounds "8"]
[EventCountry "POL"]
[SourceTitle "CBM 137 Extra"]
[Source "ChessBase"]
[SourceDate "2010.09.01"]
[SourceVersion "1"]
[SourceVersionDate "2010.09.01"]
[SourceQuality "1"]

1. e4 c5 2. Nf3 d6 3. d4 cxd4 4. Nxd4 Nf6 5. Nc3 Nc6 6. Be3 e5 7. Nf3 Be6 8. Bd3 Be7 9. 0-0 h6 10. Qe2 0-0 11. a3 d5 12. exd5 Nxd5 13. Nxd5 Bxd5 14. Rfd1 Qc7 15. c4 Be6 16. Be4 1/2-1/2

[Event "Kowalewo Pomorskie op-A 17th"]
[Site "Kowalewo Pomorskie"]
[Date "2010.07.06"]
[Round "3"]
[White "Tarkowski, Michal"]
[Black "Kuchnio, Przemyslaw"]
[Result "1-0"]
[WhiteElo "2067"]
[BlackElo "2089"]
[PlyCount "94"]
[EventDate "2010.07.04"]
[EventType "swiss"]
[EventRounds "8"]
[EventCountry "POL"]
[SourceTitle "CBM 137 Extra"]
[Source "ChessBase"]
[SourceDate "2010.09.01"]
[SourceVersion "1"]
[SourceVersionDate "2010.09.01"]
[SourceQuality "1"]

1. d4 d6 2. Nf3 Nf6 3. c4 g6 4. Nc3 Bg7 5. Bg5 0-0 6. e3 Nbd7 7. Be2 c6 8. Qc2 Re8 9. 0-0 Nf8 10. Rad1 h6 11. Bh4 Qc7 12. a3 g5 13. Bg3 Nh5 14. Nd2 Nxg3 15. hxg3 e5 16. dxe5 Rxe5 17. Nf3 Re7 18. Nd4 Qa5 19. Ne4 Qe5 20. Nc3 g4 21. Rd2 Be6 22. Rfd1 Rd8 23. Nxe6 Qxe6 24. Bd3 h5 25. Ne2 Qh6 26. Qc1 Be5 27. Bb1 Ne6 28. Qc2 Ng7 29. Nd4 Bxd4 30. Rxd4 Red7 31. Qc3 Ne6 32. R4d2 Qg7 33. Qa5 Qg5 34. Qxg5+ Nxg5 35. Bf5 Ne6 36. f3 gxf3 37. gxf3 Kg7 38. Rh2 d5 39. Rhd2 Kf6 40. Bh3 Rd6 41. e4 Nc7 42. f4 Kg7 43. Bg2 d4 44. e5 Rg6 45. Kf2 c5 46. Bxb7 Rb8 47. Bf3 Rb3 1-0

[Event "Kowalewo Pomorskie op-A 17th"]
[Site "Kowalewo Pomorskie"]
[Date "2010.07.05"]
[Round "2"]
[White "Tarkowski, Michal"]
[Black "Zielinski, Wojciech"]
[Result "0-1"]
[WhiteElo "2067"]
[BlackElo "2008"]
[PlyCount "66"]
[EventDate "2010.07.04"]
[EventType "swiss"]
[EventRounds "8"]
[EventCountry "POL"]
[SourceTitle "CBM 137 Extra"]
[Source "ChessBase"]
[SourceDate "2010.09.01"]
[SourceVersion "1"]
[SourceVersionDate "2010.09.01"]
[SourceQuality "1"]

1. d4 e6 2. c4 d5 3. Bf4 Nf6 4. e3 Bb4+ 5. Nc3 0-0 6. Qb3 c5 7. Nf3 Nc6 8. a3 Na5 9. Qc2 Bxc3+ 10. Qxc3 dxc4 11. Bxc4 Ne4 12. Qc2 Nxc4 13. Qxc4 Qa5+ 14. b4 cxb4 15. Qxb4 Qa6 16. Ne5 f6 17. Nc4 e5 18. dxe5 Be6 19. Nd6 Nxd6 20. exd6 Rfc8 21. Qe4 Bc4 22. f3 g5 23. Bg3 Qa5+ 24. Kf2 Qd2+ 25. Kg1 Bf7 26. h4 Rc2 27. Rh2 Rc1+ 28. Rxc1 Qxc1+ 29. Kf2 Rc8 30. Be5 Rc2+ 31. Kg3 fxe5 32. hxg5 Qe1+ 33. Kg4 Rc4 0-1

[Event "POL-chT3 Kujawsko Pomorskie 0809"]
[Site "Poland"]
[Date "2009.01.25"]
[Round "6.13"]
[White "Zielinski, Olgierd"]
[Black "Tarkowski, Michal"]
[Result "1/2-1/2"]
[WhiteElo "1985"]
[BlackElo "2062"]
[PlyCount "61"]
[EventDate "2008.11.09"]
[EventType "team-tourn"]
[EventRounds "11"]
[EventCountry "POL"]
[SourceTitle "EXT 2019"]
[Source "ChessBase"]
[SourceDate "2018.10.10"]
[SourceVersion "1"]
[SourceVersionDate "2018.10.10"]
[SourceQuality "1"]

1. e4 c5 2. Nf3 d6 3. d4 cxd4 4. Nxd4 Nf6 5. f3 e5 6. Bb5+ Nbd7 7. Nf5 d5 8. exd5 a6 9. Ba4 b5 10. Bb3 Nb6 11. Ne3 Bb7 12. Nc3 Bc5 13. Qd3 Rc8 14. Ne4 Nfxd5 15. Nxc5 Rxc5 16. Nxd5 Nxd5 17. 0-0 0-0 18. Be3 Nxe3 19. Qxe3 Qe7 20. Rad1 Rfc8 21. Rd2 h6 22. Rfd1 R8c7 23. c3 Kh7 24. Rd6 g6 25. a3 Kg7 26. Bc2 R5c6 27. Rd8 Rc5 28. Bb3 Bc8 29. R1d5 Rxd5 30. Rxd5 f6 31. Rd2 1/2-1/2

[Event "POL-chT3 Kujawsko Pomorskie 0809"]
[Site "Poland"]
[Date "2008.12.21"]
[Round "4.7"]
[White "Bassa, Jaroslaw"]
[Black "Tarkowski, Michal"]
[Result "0-1"]
[WhiteElo "1747"]
[BlackElo "2062"]
[PlyCount "114"]
[EventDate "2008.11.09"]
[EventType "team-tourn"]
[EventRounds "11"]
[EventCountry "POL"]
[SourceTitle "EXT 2019"]
[Source "ChessBase"]
[SourceDate "2018.10.10"]
[SourceVersion "1"]
[SourceVersionDate "2018.10.10"]
[SourceQuality "1"]

1. d4 d5 2. Nf3 Nf6 3. e3 e6 4. Bd3 Bd6 5. 0-0 0-0 6. b3 Nbd7 7. Bb2 Re8 8. Ne5 Nf8 9. Nd2 c6 10. c4 N6d7 11. f4 f6 12. Ng4 e5 13. fxe5 fxe5 14. e4 exd4 15. Bxd4 Nc5 16. Qf3 Be6 17. cxd5 Nxd3 18. dxe6 Bxh2+ 19. Kxh2 Qxd4 20. Qf7+ Kh8 21. e7 Ng6 22. Qc4 Qd6+ 23. e5 Ndxe5 24. Nxe5 Qxe5+ 25. Kg1 Qe3+ 26. Rf2 Rxe7 27. Nf3 Ne5 28. Nxe5 Rxe5 29. Qf4 Qxf4 30. Rxf4 Kg8 31. Rd1 Rae8 32. Rd7 R5e7 33. Rd2 Rf8 34. Ra4 b6 35. Rc4 c5 36. Rg4 Rf6 37. b4 cxb4 38. Rxb4 Kf7 39. Rbd4 g5 40. Rd6 Re1+ 41. Kh2 Rxd6 42. Rxd6 Re6 43. Rd7+ Re7 44. Rd6 Kg7 45. Kg3 h6 46. Kg4 Re4+ 47. Kf3 Ra4 48. Rd2 h5 49. g3 Kf6 50. Rb2 g4+ 51. Ke3 Ra3+ 52. Kf4 Rf3+ 53. Ke4 Rxg3 54. Rb5 Ra3 55. Rxh5 Rxa2 56. Kf4 Ra4+ 57. Kg3 Rb4 0-1

[Event "Kowalewo Pomorskie op"]
[Site "Kowalewo Pomorskie"]
[Date "2008.07.07"]
[Round "4"]
[White "Paprocki, Jaroslaw"]
[Black "Tarkowski, Michal"]
[Result "1-0"]
[WhiteElo "2218"]
[BlackElo "2073"]
[PlyCount "45"]
[EventDate "2008.07.04"]
[EventType "swiss"]
[EventRounds "9"]
[EventCountry "POL"]
[SourceTitle "CBM 125 Extra"]
[Source "ChessBase"]
[SourceDate "2008.09.01"]
[SourceVersion "1"]
[SourceVersionDate "2008.09.01"]
[SourceQuality "1"]

1. d4 d5 2. Nf3 Nf6 3. c4 dxc4 4. e3 e6 5. Bxc4 a6 6. a4 c5 7. 0-0 Nc6 8. Qe2 Be7 9. Nc3 0-0 10. Rd1 Qc7 11. dxc5 Bxc5 12. h3 b6 13. e4 Bb7 14. e5 Nd7 15. Bf4 Rfd8 16. Rac1 Nf8 17. Rxd8 Rxd8 18. Ne4 Nd4 19. Nxd4 Rxd4 20. Nxc5 bxc5 21. Be3 Qxe5 22. Bxd4 Qg5 23. f4 1-0

[Event "Kowalewo Pomorskie op"]
[Site "Kowalewo Pomorskie"]
[Date "2008.07.06"]
[Round "3"]
[White "Tarkowski, Michal"]
[Black "Murawski, Wieslaw"]
[Result "0-1"]
[WhiteElo "2073"]
[BlackElo "2097"]
[PlyCount "52"]
[EventDate "2008.07.04"]
[EventType "swiss"]
[EventRounds "9"]
[EventCountry "POL"]
[SourceTitle "CBM 125 Extra"]
[Source "ChessBase"]
[SourceDate "2008.09.01"]
[SourceVersion "1"]
[SourceVersionDate "2008.09.01"]
[SourceQuality "1"]

1. d4 Nf6 2. c4 g6 3. Nc3 Bg7 4. Nf3 d6 5. Bg5 0-0 6. e3 h6 7. Bh4 Bf5 8. Bd3 Bxd3 9. Qxd3 g5 10. Bg3 Nh5 11. 0-0 e6 12. Qe2 f5 13. Rfd1 Nd7 14. Nd2 Nxg3 15. hxg3 Qe7 16. Nf3 Rae8 17. e4 f4 18. g4 Qf7 19. Rac1 h5 20. gxh5 g4 21. Nh2 f3 22. Qf1 Qxh5 23. Rd3 Bh6 24. Rc2 Re7 25. Qd1 Bf4 26. Nxg4 Rh7 0-1

[Event "POL-ch U18"]
[Site "Leba"]
[Date "2008.04.04"]
[Round "9"]
[White "Murawski, Wieslaw"]
[Black "Tarkowski, Michal"]
[Result "1-0"]
[WhiteElo "2135"]
[BlackElo "2035"]
[PlyCount "55"]
[EventDate "2008.03.29"]
[EventType "swiss"]
[EventRounds "11"]
[EventCountry "POL"]
[SourceTitle "CBM 123 Extra"]
[Source "ChessBase"]
[SourceDate "2008.05.06"]
[SourceVersion "1"]
[SourceVersionDate "2008.05.06"]
[SourceQuality "1"]

1. e4 c5 2. Nf3 Nc6 3. d4 cxd4 4. Nxd4 Nf6 5. Nc3 e5 6. Ndb5 d6 7. Bg5 a6 8. Na3 Be6 9. Bxf6 gxf6 10. Nd5 f5 11. exf5 Qa5+ 12. Nc3 Bxf5 13. Nc4 Qd8 14. Ne3 Be6 15. Ncd5 Rc8 16. c3 Qg5 17. h4 Qg6 18. Bd3 f5 19. g4 Bxd5 20. Bxf5 Bxh1 21. Bxg6+ hxg6 22. Qd3 Kf7 23. h5 Ne7 24. hxg6+ Kg7 25. Qxd6 Nxg6 26. Nf5+ Kf7 27. Qd7+ Be7 28. Nd6+ 1-0

[Event "POL-ch U18"]
[Site "Leba"]
[Date "2008.04.02"]
[Round "6"]
[White "Tarkowski, Michal"]
[Black "Kowalski, Lukasz"]
[Result "1/2-1/2"]
[WhiteElo "2035"]
[BlackElo "2104"]
[PlyCount "57"]
[EventDate "2008.03.29"]
[EventType "swiss"]
[EventRounds "11"]
[EventCountry "POL"]
[SourceTitle "CBM 123 Extra"]
[Source "ChessBase"]
[SourceDate "2008.05.06"]
[SourceVersion "1"]
[SourceVersionDate "2008.05.06"]
[SourceQuality "1"]

1. d4 d5 2. c4 e6 3. Nc3 Nf6 4. Bg5 Be7 5. e3 0-0 6. Nf3 h6 7. Bh4 b6 8. cxd5 exd5 9. Bd3 Be6 10. 0-0 Nbd7 11. Rc1 c5 12. dxc5 bxc5 13. Bb1 Qa5 14. Qc2 Rfd8 15. Rfd1 Nf8 16. Rd2 g5 17. Bg3 Ng6 18. Ne5 Nxe5 19. Bxe5 Rd7 20. Rcd1 Rad8 21. Ne2 Kf8 22. Ng3 Ne4 23. Nxe4 dxe4 24. Bc3 Rxd2 25. Rxd2 Rxd2 26. Qxd2 Qd8 27. Qe2 Qd5 28. Qd2 Qxd2 29. Bxd2 1/2-1/2

[Event "POL-ch U18"]
[Site "Leba"]
[Date "2008.03.31"]
[Round "3"]
[White "Pietocha, Pawel"]
[Black "Tarkowski, Michal"]
[Result "0-1"]
[WhiteElo "2025"]
[BlackElo "2035"]
[PlyCount "56"]
[EventDate "2008.03.29"]
[EventType "swiss"]
[EventRounds "11"]
[EventCountry "POL"]
[SourceTitle "CBM 123 Extra"]
[Source "ChessBase"]
[SourceDate "2008.05.06"]
[SourceVersion "1"]
[SourceVersionDate "2008.05.06"]
[SourceQuality "1"]

1. e4 c5 2. c3 d5 3. exd5 Qxd5 4. d4 Nc6 5. Nf3 e5 6. Nxe5 Nxe5 7. dxe5 Qxe5+ 8. Be3 Bd7 9. Bc4 Nf6 10. Qb3 0-0-0 11. Nd2 Bc6 12. 0-0-0 Bxg2 13. Rhe1 Qxh2 14. Bxf7 Bd6 15. Qa3 Kb8 16. Bxc5 Bxc5 17. Qxc5 Qf4 18. Qe5+ Qxe5 19. Rxe5 Rd7 20. Rg1 Bc6 21. Bc4 h5 22. Reg5 h4 23. Be6 Rxd2 24. Kxd2 Ne4+ 25. Ke2 Nxg5 26. Rxg5 Re8 27. Rxg7 Rxe6+ 28. Kf1 h3 0-1

[Event "POL-ch U18"]
[Site "Leba"]
[Date "2008.03.31"]
[Round "4"]
[White "Tarkowski, Michal"]
[Black "Kukla, Maciej"]
[Result "1/2-1/2"]
[WhiteElo "2035"]
[BlackElo "2151"]
[PlyCount "60"]
[EventDate "2008.03.29"]
[EventType "swiss"]
[EventRounds "11"]
[EventCountry "POL"]
[SourceTitle "CBM 123 Extra"]
[Source "ChessBase"]
[SourceDate "2008.05.06"]
[SourceVersion "1"]
[SourceVersionDate "2008.05.06"]
[SourceQuality "1"]

1. d4 Nf6 2. c4 c5 3. Nf3 cxd4 4. Nxd4 e5 5. Nb3 d5 6. cxd5 Nxd5 7. e4 Nb4 8. Qxd8+ Kxd8 9. Na3 Be6 10. Be3 Nd7 11. Bb5 Nxa2 12. Nc4 Bb4+ 13. Ke2 a6 14. Rxa2 Rc8 15. Nb6 Nxb6 16. Bxb6+ Ke7 17. Ba4 h5 18. Rc1 Bc4+ 19. Rxc4 Rxc4 20. Nd2 Rc1 21. Bd1 Rh6 22. Be3 Rd6 23. b3 b5 24. Rc2 Ra1 25. Bc5 Bxc5 26. Rxc5 Re6 27. Bc2 Rh1 28. Nf1 Rg1 29. Ne3 g6 30. h4 f6 1/2-1/2

[Event "POL-chT3 Kujawsko Pomorskie 0708"]
[Site "Poland"]
[Date "2008.03.30"]
[Round "10.25"]
[White "Pacuszka, Tomasz"]
[Black "Tarkowski, Michal"]
[Result "1/2-1/2"]
[WhiteElo "2328"]
[BlackElo "2030"]
[PlyCount "89"]
[EventDate "2007.11.04"]
[EventType "team-tourn"]
[EventRounds "11"]
[EventCountry "POL"]
[SourceTitle "EXT 2019"]
[Source "ChessBase"]
[SourceDate "2018.10.10"]
[SourceVersion "1"]
[SourceVersionDate "2018.10.10"]
[SourceQuality "1"]

1. g3 d5 2. Bg2 Nf6 3. f4 c5 4. Nf3 g6 5. 0-0 Bg7 6. d3 d4 7. c4 0-0 8. Na3 Nbd7 9. Nc2 Rb8 10. b4 b6 11. f5 Bb7 12. fxg6 hxg6 13. Rb1 Ne8 14. Qe1 e5 15. e4 cxb4 16. Nxb4 Nc5 17. Qd1 a5 18. Nd5 Bxd5 19. cxd5 b5 20. h4 Na4 21. Qe1 Nd6 22. h5 Nc5 23. Qe2 Na4 24. Bd2 Nc3 25. Bxc3 dxc3 26. hxg6 fxg6 27. Bh3 Bf6 28. Kg2 Qc7 29. Be6+ Kg7 30. Nh2 Bg5 31. Qc2 Rxf1 32. Rxf1 Rf8 33. Rxf8 Kxf8 34. Nf3 Bf6 35. d4 exd4 36. e5 Nc4 37. Qxg6 Qg7 38. Qxg7+ Bxg7 39. Nxd4 Bxe5 40. Nc2 Bd6 41. Bd7 b4 42. Kf1 Bxg3 43. Ke2 Nb6 44. Be6 Be5 45. Kd3 1/2-1/2

[Event "POL-ch U18"]
[Site "Leba"]
[Date "2008.03.29"]
[Round "1"]
[White "Rawicz, Karol"]
[Black "Tarkowski, Michal"]
[Result "1-0"]
[WhiteElo "2212"]
[BlackElo "2035"]
[PlyCount "47"]
[EventDate "2008.03.29"]
[EventType "swiss"]
[EventRounds "11"]
[EventCountry "POL"]
[SourceTitle "CBM 123 Extra"]
[Source "ChessBase"]
[SourceDate "2008.05.06"]
[SourceVersion "1"]
[SourceVersionDate "2008.05.06"]
[SourceQuality "1"]

1. Nf3 Nf6 2. g3 g6 3. Bg2 Bg7 4. 0-0 0-0 5. c4 c5 6. Nc3 d6 7. d4 cxd4 8. Nxd4 a6 9. b3 Qc7 10. Bg5 Nbd7 11. Qd2 Rb8 12. Rfd1 b6 13. Nc6 Re8 14. Rac1 Bb7 15. Nxb8 Qxb8 16. Nd5 Nxd5 17. cxd5 Nf6 18. e4 Qa8 19. f3 Rc8 20. Bh3 Rxc1 21. Rxc1 Qb8 22. Qc2 h6 23. Be3 Ne8 24. Bc8 1-0

[Event "POL-chT3 Kujawsko Pomorskie 0708"]
[Site "Poland"]
[Date "2008.03.09"]
[Round "9.13"]
[White "Tarkowski, Michal"]
[Black "Konieczynski, Piotr"]
[Result "1-0"]
[WhiteElo "2030"]
[BlackElo "1948"]
[PlyCount "107"]
[EventDate "2007.11.04"]
[EventType "team-tourn"]
[EventRounds "11"]
[EventCountry "POL"]
[SourceTitle "EXT 2019"]
[Source "ChessBase"]
[SourceDate "2018.10.10"]
[SourceVersion "1"]
[SourceVersionDate "2018.10.10"]
[SourceQuality "1"]

1. d4 d5 2. c4 dxc4 3. e4 e5 4. Nf3 exd4 5. Bxc4 Bb4+ 6. Nbd2 Nc6 7. 0-0 Bxd2 8. Bxd2 Nge7 9. Bg5 0-0 10. Bd5 Qd6 11. Bxe7 Nxe7 12. Qxd4 Nxd5 13. Qxd5 Qb4 14. Qd4 Qxd4 15. Nxd4 Bd7 16. Rac1 c6 17. Rfd1 Rad8 18. f3 Rfe8 19. b3 Kf8 20. Rd2 Ke7 21. Rcd1 c5 22. Nc2 Bb5 23. Ne3 Rxd2 24. Rxd2 Bc6 25. Rc2 b6 26. b4 Ba4 27. Rc3 Rc8 28. bxc5 Rxc5 29. Nf5+ Kf6 30. Rxc5 bxc5 31. Kf2 g6 32. Ng3 Ke5 33. Ke3 Kd6 34. Ne2 Bb5 35. Nc3 Bc4 36. a3 a6 37. g3 Bb5 38. h4 Bd7 39. Nd5 Be6 40. Nc3 Bd7 41. g4 Bc6 42. g5 Ke6 43. Ne2 f5 44. Nf4+ Ke5 45. Nd3+ Kd6 46. exf5 gxf5 47. h5 Be8 48. Kf4 c4 49. Nb4 Ke6 50. Nxa6 c3 51. Nb4 Ba4 52. Ke3 Bd1 53. Na2 c2 54. Nc1 1-0

[Event "Bydgoszcz Fordonski op 2nd"]
[Site "Bydgoszcz"]
[Date "2007.07.28"]
[Round "2"]
[White "Stoppel, Mariusz"]
[Black "Tarkowski, Michal"]
[Result "0-1"]
[WhiteElo "2138"]
[BlackElo "2042"]
[PlyCount "72"]
[EventDate "2007.07.27"]
[EventType "swiss"]
[EventRounds "5"]
[EventCountry "POL"]
[SourceTitle "EXT 2011"]
[Source "ChessBase"]
[SourceDate "2010.11.26"]
[SourceVersion "1"]
[SourceVersionDate "2010.11.26"]
[SourceQuality "1"]

1. e4 c5 2. b4 cxb4 3. Bb2 Nf6 4. e5 Nd5 5. Bc4 Nc7 6. d4 e6 7. Nd2 d5 8. Bd3 b6 9. f4 Ba6 10. Ndf3 Nc6 11. Ne2 Na5 12. 0-0 g6 13. Bc1 Bc4 14. g4 h5 15. gxh5 Rxh5 16. Ng3 Rh8 17. Ng5 Bxd3 18. cxd3 Qd7 19. Qg4 0-0-0 20. Bd2 Nb5 21. Be3 Kb8 22. h4 Bh6 23. Rf2 Nc6 24. Ne2 Rdf8 25. Rh2 Ne7 26. Ng3 Nf5 27. Bf2 Nbxd4 28. Bxd4 Nxd4 29. f5 Nxf5 30. Nxf5 gxf5 31. Qxb4 Rfg8 32. Rg2 Bxg5 33. hxg5 Rh5 34. Kf2 Qc7 35. Qb2 Rhxg5 36. Rxg5 Rxg5 0-1

[Event "Bydgoszcz Fordonski op 2nd"]
[Site "Bydgoszcz"]
[Date "2007.07.27"]
[Round "1"]
[White "Tarkowski, Michal"]
[Black "Karski, Lukasz"]
[Result "1/2-1/2"]
[WhiteElo "2042"]
[BlackElo "1861"]
[PlyCount "57"]
[EventDate "2007.07.27"]
[EventType "swiss"]
[EventRounds "5"]
[EventCountry "POL"]
[SourceTitle "EXT 2011"]
[Source "ChessBase"]
[SourceDate "2010.11.26"]
[SourceVersion "1"]
[SourceVersionDate "2010.11.26"]
[SourceQuality "1"]

1. d4 Nf6 2. c4 g6 3. Nc3 Bg7 4. Nf3 d6 5. Bg5 0-0 6. e3 c6 7. Be2 a6 8. 0-0 Qc7 9. Qc2 e5 10. dxe5 dxe5 11. Rad1 Bf5 12. Qc1 Nbd7 13. Nd2 Nc5 14. Bxf6 Bxf6 15. b4 Nd3 16. Bxd3 Bxd3 17. Nde4 Bxe4 18. Nxe4 Be7 19. c5 Rad8 20. Qc3 f6 21. Qb3+ Kg7 22. Qe6 Rfe8 23. Rd6 Qc8 24. Nxf6 Qxe6 25. Nxe8+ Kf7 26. Rxe6 Kxe6 27. Nd6 Bxd6 28. cxd6 Rxd6 29. f3 1/2-1/2

[Event "Pieczyska op"]
[Site "Pieczyska"]
[Date "2007.06.26"]
[Round "5"]
[White "Tarkowski, Michal"]
[Black "Mazalon, Bartlomiej"]
[Result "1/2-1/2"]
[WhiteElo "1996"]
[BlackElo "1885"]
[PlyCount "72"]
[EventDate "2007.06.23"]
[EventType "swiss"]
[EventRounds "9"]
[EventCountry "POL"]
[SourceTitle "EXT 2008"]
[Source "ChessBase"]
[SourceDate "2007.11.25"]
[SourceVersion "1"]
[SourceVersionDate "2007.11.25"]
[SourceQuality "1"]

1. d4 d5 2. Nf3 Nc6 3. e3 Bg4 4. h3 Bxf3 5. Qxf3 e6 6. c3 Nf6 7. Bd3 Bd6 8. 0-0 0-0 9. b3 e5 10. Bb5 exd4 11. cxd4 Ne4 12. Bd3 Re8 13. Bxe4 dxe4 14. Qe2 Nb4 15. Ba3 Nd5 16. Bxd6 cxd6 17. Rc1 Qd7 18. Nc3 Nxc3 19. Rxc3 Rac8 20. Rac1 Rxc3 21. Rxc3 Rc8 22. Qc2 Rxc3 23. Qxc3 Kf8 24. d5 f5 25. a4 Ke8 26. Kf1 Kd8 27. Ke2 Qc7 28. Kd2 Qxc3+ 29. Kxc3 a6 30. a5 Ke8 31. g4 g6 32. g5 Kf8 33. b4 Kg8 34. b5 Kf8 35. Kb2 Kg8 36. Ka1 Kf8 1/2-1/2

[Event "POL-ch U18"]
[Site "Leba"]
[Date "2007.03.31"]
[Round "10"]
[White "Tarkowski, Michal"]
[Black "Gluszko, Tomasz"]
[Result "1-0"]
[WhiteElo "2004"]
[BlackElo "2050"]
[PlyCount "144"]
[EventDate "2007.03.24"]
[EventType "swiss"]
[EventRounds "11"]
[EventCountry "POL"]
[SourceTitle "EXT 2011"]
[Source "ChessBase"]
[SourceDate "2010.11.26"]
[SourceVersion "1"]
[SourceVersionDate "2010.11.26"]
[SourceQuality "1"]

1. d4 c5 2. Nf3 cxd4 3. Nxd4 d5 4. g3 e5 5. Nb3 Be6 6. Bg2 Nc6 7. 0-0 Qd7 8. Nc3 Rd8 9. Re1 f5 10. Bg5 Nf6 11. e3 Qf7 12. Na4 h6 13. Bxf6 gxf6 14. Nbc5 Bc8 15. Qe2 b6 16. Nb3 Rd6 17. Rad1 Be6 18. Nc3 Bg7 19. Qb5 e4 20. Nd4 Bd7 21. Nxc6 Bxc6 22. Qb3 0-0 23. Ne2 Rfd8 24. Rd2 Bf8 25. Red1 Bd7 26. Nf4 Be6 27. Qb5 Bd7 28. Qe2 Bc8 29. Qh5 Qxh5 30. Nxh5 Kf7 31. Nf4 Be6 32. a3 R6d7 33. Bf1 Bc5 34. Bb5 Rc7 35. c4 Bd6 36. cxd5 Bd7 37. Bxd7 Rdxd7 38. Ne2 Be5 39. Kg2 Ke7 40. f4 exf3+ 41. Kxf3 Kd6 42. Nd4 Bxd4 43. Rxd4 Rc2 44. Rh4 Rxb2 45. Rxh6 Ke5 46. Rh8 Rb3 47. Re8+ Kd6 48. Re6+ Kc5 49. Rc6+ Kb5 50. Rxf6 Rxa3 51. h4 Re7 52. Re1 Re5 53. h5 f4 54. h6 Raxe3+ 55. Rxe3 fxe3 56. Re6 Rxd5 57. h7 Rh5 58. Re5+ Rxe5 59. h8Q Re6 60. Qg8 Re5 61. Qg7 Rc5 62. Kxe3 a5 63. g4 a4 64. g5 a3 65. g6 Kb4 66. Qd4+ Kb3 67. g7 Rg5 68. Qxb6+ Ka4 69. Qd4+ Kb3 70. Qb6+ Ka4 71. Qa7+ Kb3 72. Qf7+ Ka4 1-0

[Event "POL-ch U18"]
[Site "Leba"]
[Date "2007.03.30"]
[Round "9"]
[White "Murawski, Wieslaw"]
[Black "Tarkowski, Michal"]
[Result "1/2-1/2"]
[WhiteElo "2137"]
[BlackElo "2004"]
[PlyCount "48"]
[EventDate "2007.03.24"]
[EventType "swiss"]
[EventRounds "11"]
[EventCountry "POL"]
[SourceTitle "EXT 2011"]
[Source "ChessBase"]
[SourceDate "2010.11.26"]
[SourceVersion "1"]
[SourceVersionDate "2010.11.26"]
[SourceQuality "1"]

1. e4 c5 2. Nf3 d6 3. d4 cxd4 4. Nxd4 Nf6 5. Nc3 Nc6 6. Bg5 e6 7. Qd2 Be7 8. 0-0-0 0-0 9. f4 Nxd4 10. Qxd4 a6 11. Be2 Qc7 12. e5 dxe5 13. Qxe5 Qxe5 14. fxe5 Nd5 15. Bxe7 Nxe7 16. Bf3 Rb8 17. Ne4 Ng6 18. Rd6 Nxe5 19. Rhd1 b6 20. b3 f6 21. Nc3 Nf7 22. Rc6 Ne5 23. Rcd6 Nf7 24. Rc6 Ne5 1/2-1/2

[Event "POL-ch U18"]
[Site "Leba"]
[Date "2007.03.25"]
[Round "2"]
[White "Tarkowski, Michal"]
[Black "Efinowicz, Michal"]
[Result "1/2-1/2"]
[WhiteElo "2004"]
[BlackElo "2182"]
[PlyCount "77"]
[EventDate "2007.03.24"]
[EventType "swiss"]
[EventRounds "11"]
[EventCountry "POL"]
[SourceTitle "EXT 2011"]
[Source "ChessBase"]
[SourceDate "2010.11.26"]
[SourceVersion "1"]
[SourceVersionDate "2010.11.26"]
[SourceQuality "1"]

1. d4 d6 2. Nf3 Nf6 3. c4 Bg4 4. Nc3 Nbd7 5. g3 e5 6. Bg2 c6 7. 0-0 Be7 8. b3 0-0 9. d5 cxd5 10. Nxd5 Nxd5 11. Qxd5 Qc7 12. Ba3 Rad8 13. Qd2 Nf6 14. Rac1 Qd7 15. Rfd1 Bxf3 16. Bxf3 e4 17. Bg2 d5 18. Bb2 dxc4 19. Qxd7 Nxd7 20. Rxc4 Nc5 21. Rxd8 Rxd8 22. Rd4 f5 23. Rxd8+ Bxd8 24. Bd4 Bb6 25. f3 exf3 26. Bxf3 Kf8 27. Kf1 Nxb3 28. Bxb6 Nd2+ 29. Ke1 Nxf3+ 30. exf3 axb6 31. Kd2 Ke7 32. Kc3 Kd6 33. Kb4 Kc6 34. a4 g5 35. Kc4 h5 36. h3 Kd6 37. Kd4 Ke6 38. f4 gxf4 39. gxf4 1/2-1/2

[Event "Bydgoszcz Fordonski op 1st"]
[Site "Bydgoszcz"]
[Date "2007.02.25"]
[Round "5"]
[White "Wisniewski, Przemyslaw"]
[Black "Tarkowski, Michal"]
[Result "1/2-1/2"]
[WhiteElo "2097"]
[BlackElo "2004"]
[PlyCount "32"]
[EventDate "2007.02.23"]
[EventType "swiss"]
[EventRounds "5"]
[EventCountry "POL"]
[SourceTitle "EXT 2011"]
[Source "ChessBase"]
[SourceDate "2010.11.26"]
[SourceVersion "1"]
[SourceVersionDate "2010.11.26"]
[SourceQuality "1"]

1. e4 c5 2. Nc3 Nc6 3. g3 g6 4. Bg2 Bg7 5. d3 e6 6. Be3 Nd4 7. Nge2 Ne7 8. Qd2 Qa5 9. 0-0 0-0 10. Nxd4 cxd4 11. Nd5 Qd8 12. Nxe7+ Qxe7 13. Bh6 e5 14. Bxg7 Kxg7 15. c3 dxc3 16. bxc3 d6 1/2-1/2

[Event "POL-chT3 0607"]
[Site "Poland"]
[Date "2007.02.04"]
[Round "7.13"]
[White "Gralka, Julian"]
[Black "Tarkowski, Michal"]
[Result "1-0"]
[WhiteElo "2292"]
[BlackElo "1990"]
[PlyCount "47"]
[EventDate "2006.11.12"]
[EventType "team-tourn"]
[EventRounds "11"]
[EventCountry "POL"]
[SourceTitle "EXT 2009"]
[Source "ChessBase"]
[SourceDate "2008.11.26"]
[SourceVersion "1"]
[SourceVersionDate "2008.11.26"]
[SourceQuality "1"]

1. d4 d5 2. c4 dxc4 3. Nf3 Nf6 4. e3 e6 5. Bxc4 c5 6. 0-0 a6 7. Qe2 b5 8. Bb3 Bb7 9. Rd1 Nbd7 10. Nc3 Qb6 11. d5 exd5 12. Nxd5 Nxd5 13. Bxd5 Bxd5 14. Rxd5 Qc6 15. e4 Be7 16. Bg5 Bxg5 17. Nxg5 0-0 18. Rad1 Nb6 19. Rd6 Qc7 20. e5 Nc4 21. Qe4 g6 22. Qh4 h5 23. Ne6 fxe6 24. Rd7 1-0